| 000 | 00670cam a2200229 a 4500 | ||
|---|---|---|---|
| 001 | 472848 | ||
| 003 | ARRUPE | ||
| 005 | 20150129143803.0 | ||
| 008 | 831006s1979 enkaf 000 0 eng | ||
| 010 | _a 83210718 | ||
| 020 |
_a0571114539 : _c£5.25 |
||
| 020 | _a0571115187 (pbk.) | ||
| 040 |
_aDLC _cDLC _dDLC |
||
| 050 | 0 | 0 |
_aPR6058.U37 _bM68 1979 |
| 082 | 0 | 0 |
_a821/.914 _219 |
| 100 | 1 |
_aHughes, Ted, _d1930-1998. _914772 |
|
| 245 | 1 | 0 |
_aMoortown / _cTed Hughes. |
| 260 |
_aLondon ; _aBoston : _bFaber and Faber, _c1979. |
||
| 300 |
_a170 p., [1] leaf of plates : _bill. ; _c23 cm. |
||
| 906 |
_a7 _bcbc _corignew _d2 _encip _f19 _gy-gencatlg |
||
| 942 |
_2lcc _cMONOGRAPH |
||
| 999 |
_c121933 _d121933 |
||